000 00513cam a2200181 4500
001 D5203
008 090401t1978 xxu||||| |||| 00| 0 eng d
035 _a(Sirsi) u39372
041 _aeng
050 _a333.337
110 _aGreene Belfield-Smith and Company
_91572
245 _aTrends in hotel sales and profits 1970 - 1977: a survey for international investors
260 _aLondon
_bGreene Belfield-Smith and Company
_c1978
300 _a28p. 21cm
350 _a10.5
942 _n0
948 _c04/03/1997
999 _c90763
_d90763